Responses for Show #1543 - Wednesday, April 24, 1991

Contestants

[<< previous game]

Dave Gibboni, a research chemist originally from Philadelphia, Pennsylvania

Steve Schechner, a general surgeon from Virginia Beach, Virginia

Tom Bodenberg, a university professor originally from Muskegon, Michigan (whose 1-day cash winnings total $11,601)

[next game >>]

Jeopardy! Round responses

AMERICAN INDIANS
THE MOVIES
WORLD FLAGS
1971
FAMOUS FOLKS
"PRO"s & "CON"s
    $100 18
Geronimo

Steve
    $100 16
Excalibur

Steve
    $100 1
Switzerland

Dave
    $100 7
(Tom: Who is Michael Jackson?)

Donny Osmond

Tom
Triple Stumper
    $100 23
Samuel Goldwyn

Tom
    $100 6
procrastinate

Tom
    $200 19
totems

Steve
    $200 17
Arthur Miller

Tom
    $200 2
the Andes

Steve
    $200 8
the United Kingdom (Great Britain)

Tom
    $200 24
[Note: Tom originally pronounces the last name "Myoon", but Alex confirms he corrected it in time.]

the Reverend Sun Myung Moon

Tom
    $200 12
Concord, Massachusetts

Tom
    $300 20
the Incas

Tom
    $400 28
(Steve: What is Babes in Toyland?)

(1 of) Babes in Arms or Babes on Broadway

Steve
    $300 3
Czechoslovakia

Tom
    $300 9
Pittsburgh Pirates

Steve
    $300 25
(Tom: Who is [*]?)
(Alex: ...of Arabia.)
(Tom: Of Arabia.)
(Alex: T.E. [*], either one.)

Lawrence

Tom
    $300 13
(Tom: What is his nose?)
...
(Alex: It has to contain the "pro" or the "con".)

his proboscis

TomSteve
    $400 21
a pueblo

Tom
    $400 29
Leave

Dave
    $400 4
the Philippines

Steve
    $400 10
(Buzz) Aldrin

Steve
    $400 26
(Alex: [Before reading the clue] Less than a minute to go.)

Wagner

Tom
    $400 14
prosciutto ham

Steve
    $500 22
Alcatraz Island

Steve
    $500 30
(Dave: What is Lillian?)

Julia

TomDave
    $500 5
Cambodia

Dave
    $500 11
(Tom: Who is Arthur Goldberg?)
...
(Alex: Who is Mr. [*], the current president?)

Bush

Tom
Triple Stumper
    $500 27
Edith Piaf

Steve
    $500 15
(Steve: What is prolactin?)

progesterone

SteveDave

Scores at the first commercial break (after clue 14):

Tom Steve Dave
-$100 $2,000 $600

Scores at the end of the Jeopardy! Round:

Tom Steve Dave
$2,300 $2,500 $1,000

Double Jeopardy! Round responses

AFRICAN HISTORY
NEWSPAPERS
FICTIONAL CLERGY
FOREIGN WORDS & PHRASES
GENERAL SCIENCE
NEIL SIMON
    $200 26
(Dave: Who is Selassie?)

Muammar Gaddafi

TomDave
    $200 3
The Wall Street Journal

Dave
    $200 12
The Hunchback of Notre Dame

Steve
    $200 7
nanook

Dave
    $200 1
locks

Steve
    $200 13
Barefoot in the Park

Dave
    $400 30
diamonds

Steve
    $400 15
Chicago

Tom
    $400 22
The Canterbury Tales

Dave
    $400 8
bon mot

Steve
    $400 2
a rhinoceros

Tom
    $400 14
Your Show of Shows

Tom
    $600 29
Zulu

Dave
    $600 16
Gannett

Dave
    $600 23
(Tom: Who is Little John?)

Friar Tuck

TomDave
    $600 9
hasenpfeffer

Dave
    $600 4
flint

Dave
    $600 19
Plaza Suite

Dave
    $800 28
African Unity

Tom
    $800 17
The Atlanta Constitution

Steve
    $800 24
Father Brown

Dave
    $800 10
quid pro quo

Steve
    $800 5
nitrogen

Dave
    $800 20
Brighton Beach

Dave
    $1000 27
Egypt

Triple Stumper
    $1,000 18
(Steve: Who was...Jefferson?)

Alexander Hamilton

Steve
    $2,000 25
(Dave: [Shakes his head, then...] Who is Dinnesdale?)
(Alex: Ooooooh.)
(Dave: [*].)
(Alex: I have to rule against you. You said "Dinnesdale". You were so close. It's the Reverend [*]. That'll cost you. And we have 1 category left with a minute to go.)

Dimmesdale

Dave
    $1000 11
sotto voce

Dave
    $1000 6
lawrencium

Dave
    $1000 21
Sweet Charity

Dave

Scores at the end of the Double Jeopardy! Round:

Tom Steve Dave
$3,900 $4,300 $8,800
(lock game)

[wagering suggestions for these scores]

Final Jeopardy! Round responses

ROYALTY
(Alex: [After Steve's response] It was unlikely that he would ever wind up on the Greek throne, but because he married Princess Elizabeth at that time in 1947, he renounced his claim to the Greek throne.)
TomWho was King Constantine
$3,900
SteveWho is Prince Phillip
$300
DaveWho is Prince Philip?
$0
Prince Philip

Final scores:

Tom Steve Dave
$0 $4,600 $8,800
3rd place: Panasonic business electronics + Nintendo Entertainment System 2nd place: a trip to Malaysia New champion: $8,800

Game dynamics:

Coryat scores:

Tom Steve Dave
$3,900 $5,700 $10,800
17 R,
4 W
17 R,
3 W
(including 2 DDs)
20 R,
3 W
(including 1 DD)

Combined Coryat: $20,400

[game clues] [game scores] [suggest correction]

Game tape date: 1991-02-18
The J! Archive is created by fans, for fans. Scraping, republication, monetization, and malicious use prohibited; this site may use cookies and collect identifying information. See terms. The Jeopardy! game show and all elements thereof, including but not limited to copyright and trademark thereto, are the property of Jeopardy Productions, Inc. and are protected under law. This website is not affiliated with, sponsored by, or operated by Jeopardy Productions, Inc. Join the discussion at JBoard.tv.